Loading...
| Fine Arts - Classical Music and Opera | 3 | 5 | 1 | 1 | 90 | 50 | 103.00 | 1 | 3 | 19.57 | 41.86 |
| Social Science | 2 | 3 | 1 | 0 | 55 | 55 | 92.20 | 0 | 3 | 12.20 | 26.38 |
| Science - Biology | 0 | 5 | 0 | 1 | 50 | 89 | 128.80 | 0 | 0 | 2.75 | 12.31 |
| Science - Chemistry | 0 | 5 | 1 | 1 | 45 | 80 | 105.40 | 1 | 2 | 9.60 | 21.75 |
| Science - Physics | 0 | 4 | 2 | 0 | 30 | 84 | 111.25 | 0 | 0 | 5.98 | 17.10 |
| Other Science (Math) | 0 | 3 | 1 | 2 | 25 | 120 | 131.00 | 0 | 0 | 4.12 | 26.10 |
| Other Science (Computer Science) | 0 | 2 | 0 | 1 | 20 | 94 | 112.50 | 0 | 0 | 9.24 | 20.83 |
| Religion | 0 | 2 | 0 | 0 | 20 | 98 | 125.00 | 0 | 2 | 3.33 | 13.08 |
| Fine Arts - Other Arts | 0 | 2 | 1 | 0 | 15 | 84 | 118.50 | 0 | 2 | 3.29 | 13.08 |
| History - American | 0 | 2 | 1 | 1 | 15 | 87 | 114.00 | 0 | 0 | 2.21 | 6.92 |
| Modern World | 0 | 1 | 0 | 0 | 10 | 109 | 109.00 | 0 | 0 | 3.21 | 6.67 |
| Other Science (Astronomy) | 0 | 1 | 0 | 1 | 10 | 136 | 136.00 | 0 | 0 | 0.36 | 36.67 |
| Mythology | 1 | 0 | 1 | 0 | 10 | 55 | 55.00 | 1 | 1 | 9.05 | 14.29 |
| Geography | 0 | 1 | 0 | 0 | 10 | 146 | 146.00 | 0 | 0 | 0.89 | 25.00 |
| Other Culture | 0 | 1 | 1 | 0 | 5 | 87 | 87.00 | 0 | 0 | 10.60 | 9.62 |
| Philosophy | 0 | 1 | 1 | 0 | 5 | 128 | 128.00 | 0 | 0 | 1.13 | 3.59 |
| Literature - American | 0 | 1 | 1 | 0 | 5 | 144 | 144.00 | 0 | 0 | 0.81 | 3.59 |
| History - World | 0 | 1 | 1 | 0 | 5 | 121 | 121.00 | 0 | 0 | 0.59 | 5.13 |
| Fine Arts - Painting and Sculpture | 0 | 0 | 1 | 0 | -5 | 0.00 | 0 | 0 | 0.00 | 0.00 | |
| Other Science (Engineering) | 0 | 0 | 1 | 0 | -5 | 0.00 | 0 | 0 | 0.00 | 0.00 | |
| Other Science (Earth Science) | 0 | 0 | 2 | 0 | -10 | 0.00 | 0 | 0 | 0.00 | 0.00 | |
| History - European | 0 | 0 | 3 | 0 | -15 | 0.00 | 0 | 0 | 0.00 | 0.00 |